header

Fascist ideology (Record no. 1248)

MARC details
000 -LEADER
fixed length control field 01464nam a2200361 a 4500
082 04 - DEWEY DECIMAL CLASSIFICATION NUMBER
Classification number 320.53/3/0943
100 1# - MAIN ENTRY--AUTHOR NAME
Personal name Kallis, Aristotle A.,
245 10 - TITLE STATEMENT
Title Fascist ideology
260 ## - PUBLICATION, DISTRIBUTION, ETC. (IMPRINT)
Place of publication London
-- New York :
Name of publisher Routledge,
Year of publication 2000.
300 ## - PHYSICAL DESCRIPTION
Number of Pages ix, 286 p.
650 #0 - SUBJECT ADDED ENTRY--TOPICAL TERM
Topical Term Fascism
Topical Term Nationalism
Topical Term National socialism
Topical Term Nationalism
856 40 - ELECTRONIC LOCATION AND ACCESS
Uniform Resource Identifier http://site.ebrary.com/lib/rucke/Doc?id=5001605

No items available.

© 2026 Rongo University
Contact us: librarian | system librarian | Rongo university